01321cam a22004094i 4500003000900000005001700009008004100026020001500067035002700082040003300109082002000142100003300162245004200195264005700237300003800294336002100332337002500353338002300378490003000401504003900431505028000470526001000750526001000760526000900770526000900779526000900788526000900797526000900806526000900815526000900824526000800833526000800841526000800849526000800857526000800865650003800873PE-LiUPU20250731165642.0150616s r 000 0 d a8876531335 a(Sirsi) i9788876531330 aPE-LiUPUbspacPE-LiUPUerda04a221.008bAB2211 aMinissale, Antonino,eautor.13aLa Versione Greca del Siracide.n133. 1aRoma :bEditrice Pontificio Istituto Biblico,c1995. a332 páginas ;c24 centímetros atext2rdacontent aunmediated2rdamedia avolume2rdacarrier0 aAnalecta Bíblica ;v133 aBibliografía: páginas 269-286.0 aII metodo midrasico-targumico e la Settanta. Studio di dieci pericopi scelte. Tabelle sintetiche. Ricostituzione del testo. Lettura diversa di H da parte di G. Variazioni descrittive. Variazioni tematiche. Tecniche di Traduzione. Aggiunte ed omissioni de traduttore Siracide. aSEG44 aSEG26 aP151 aP150 aP149 aP146 aP145 aP126 aP125 aP92 aP75 aP74 aP27 aP1504aSIRACIDE, TEXTO HEBREO - ESTUDIO.